The mix-up (Record no. 189169)

MARC details
000 -LÍDER
campo de controle de tamanho fixo 00312 a2200157 4500
001 - NÚMERO DE CONTROLE
campo de controle 189169
020 ## - ISBN - INTERNATIONAL STANDARD BOOK NUMBER
ISBN - International Standard Book Number 960-7955-59-5
040 ## - FONTE DA CATALOGAÇÃO
Instituição que transcreveu o registro Magnum
100 ## - ENTRADA PRINCIPAL--NOME PESSOAL
Nome pessoal Mitchell, Q H
240 10 - TÍTULO UNIFORME
Título uniforme The mix-up
Idioma da obra ING
245 10 - TÍTULO
Título The mix-up
300 ## - DESCRIÇÃO FÍSICA
Extensão 38
362 0# - DATAS DE PUBLICAÇÃO E/OU DESIGNAÇÃO SEQUENCIAL
Datas de publicação e/ou designação sequencial 1998
697 ## - ENTRADA DE ASSUNTO LOCAL--ENTIDADE COLETIVA (RLIN)
Nome corporativo ou nome da jurisdição LITERATURA INGLESA
942 ## - ELEMENTOS DE ENTRADA ADICIONADOS (KOHA)
Tipo de material Koha Livros
Holdings
Situação do descarte Situação das perdas Situação física Não pode ser emprestado Biblioteca de origem Biblioteca atual Data de aquisição Total de empréstimos Número de chamada completo Código de barras Data de último acesso Data do preço efetivo Tipo de material Koha
        Magnum Magnum 08/06/2024   890.1.227 MAG00064053 08/06/2024 08/06/2024 Livros
        Magnum Magnum 08/06/2024   890.1.227 MAG00064054 08/06/2024 08/06/2024 Livros
        Magnum Magnum 08/06/2024   890.1.227 MAG00064055 08/06/2024 08/06/2024 Livros
        Magnum Magnum 08/06/2024   890.1.227 MAG00064056 08/06/2024 08/06/2024 Livros
        Magnum Magnum 08/06/2024   890.1.227 MAG00064057 08/06/2024 08/06/2024 Livros